Differential equations : (Record no. 11080)
[ view plain ]
| 000 -LEADER | |
|---|---|
| fixed length control field | 01682cam a2200373 i 4500 |
| 001 - CONTROL NUMBER | |
| control field | 14420960 |
| 003 - CONTROL NUMBER IDENTIFIER | |
| control field | EG-ScBUE |
| 005 - DATE AND TIME OF LATEST TRANSACTION | |
| control field | 20241009103412.0 |
| 008 - FIXED-LENGTH DATA ELEMENTS--GENERAL INFORMATION | |
| fixed length control field | 060620t2007 njua f b 001 0 eng d |
| 020 ## - INTERNATIONAL STANDARD BOOK NUMBER | |
| International Standard Book Number | 9780471651413 |
| 020 ## - INTERNATIONAL STANDARD BOOK NUMBER | |
| International Standard Book Number | 0471651419 |
| 020 ## - INTERNATIONAL STANDARD BOOK NUMBER | |
| International Standard Book Number | 9780471651413 |
| 035 ## - SYSTEM CONTROL NUMBER | |
| System control number | (OCoLC)ocm70176948 |
| 035 ## - SYSTEM CONTROL NUMBER | |
| System control number | (OCoLC)70176948 |
| 040 ## - CATALOGING SOURCE | |
| Original cataloging agency | DLC |
| Language of cataloging | eng |
| Description conventions | rda |
| Transcribing agency | DLC |
| Modifying agency | YDX |
| -- | BAKER |
| -- | BTCTA |
| -- | YDXCP |
| -- | DLC |
| -- | EG-ScBUE |
| 082 04 - DEWEY DECIMAL CLASSIFICATION NUMBER | |
| Classification number | 515.35 |
| Edition number | 22 |
| Item number | BRA |
| 100 1# - MAIN ENTRY--PERSONAL NAME | |
| Personal name | Brannan, James R., |
| Relator term | author. |
| 9 (RLIN) | 5121 |
| 245 10 - TITLE STATEMENT | |
| Title | Differential equations : |
| Remainder of title | an introduction to modern methods and applications / |
| Statement of responsibility, etc | James R. Brannan, Clemson University, William E. Boyce, Rensselaer Polytechnic Institute. |
| 264 #1 - PUBLICATION, DISTRIBUTION, ETC. (IMPRINT) | |
| Place of publication, distribution, etc | Hoboken, NJ : |
| Name of publisher, distributor, etc | John Wiley & Sons, Inc., |
| Date of publication, distribution, etc | [2007] |
| 264 #4 - PUBLICATION, DISTRIBUTION, ETC. (IMPRINT) | |
| Date of publication, distribution, etc | c2007 |
| 300 ## - PHYSICAL DESCRIPTION | |
| Extent | xxi, 682 pages : |
| Other physical details | illustrations ; |
| Dimensions | 26 cm |
| 336 ## - CONTENT TYPE | |
| Source | rdacontent |
| Content type term | text |
| Content type code | txt |
| 337 ## - MEDIA TYPE | |
| Media type term | unmediated |
| Source | rdamedia |
| Media type code | n |
| 338 ## - CARRIER TYPE | |
| Carrier type term | volume |
| Carrier type code | nc |
| Source | rdacarrier |
| 504 ## - BIBLIOGRAPHY, ETC. NOTE | |
| Bibliography, etc | Includes bibliographical references and index. |
| 650 #7 - SUBJECT ADDED ENTRY--TOPICAL TERM | |
| Topical term or geographic name as entry element | Differential equations. |
| Source of heading or term | BUEsh |
| 9 (RLIN) | 5122 |
| 655 ## - INDEX TERM--GENRE/FORM | |
| 9 (RLIN) | 2216 |
| Genre/form data or focus term | Differential Equations- year 1. |
| Form subdivision | Reading book |
| General subdivision | Engineering |
| Chronological subdivision | Semester 2. 2008/2009 |
| 700 1# - ADDED ENTRY--PERSONAL NAME | |
| Personal name | Boyce, William E., |
| Relator term | author. |
| 9 (RLIN) | 5123 |
| 856 42 - ELECTRONIC LOCATION AND ACCESS | |
| Materials specified | Contributor biographical information |
| Uniform Resource Identifier | <a href="http://www.loc.gov/catdir/enhancements/fy0740/2006048264-b.html">http://www.loc.gov/catdir/enhancements/fy0740/2006048264-b.html</a> |
| 856 42 - ELECTRONIC LOCATION AND ACCESS | |
| Materials specified | Publisher description |
| Uniform Resource Identifier | <a href="http://www.loc.gov/catdir/enhancements/fy0740/2006048264-d.html">http://www.loc.gov/catdir/enhancements/fy0740/2006048264-d.html</a> |
| 856 41 - ELECTRONIC LOCATION AND ACCESS | |
| Materials specified | Table of contents only |
| Uniform Resource Identifier | <a href="http://www.loc.gov/catdir/enhancements/fy0740/2006048264-t.html">http://www.loc.gov/catdir/enhancements/fy0740/2006048264-t.html</a> |
| 942 ## - ADDED ENTRY ELEMENTS (KOHA) | |
| Source of classification or shelving scheme | Dewey Decimal Classification |
| Koha item type | Book - Borrowing |
| Withdrawn status | Lost status | Source of classification or shelving scheme | Damaged status | Not for loan | Collection code | Home library | Current library | Shelving location | Date acquired | Source of acquisition | Total Checkouts | Total Renewals | Full call number | Barcode | Date last seen | Date checked out | Price effective from | Koha item type |
|---|---|---|---|---|---|---|---|---|---|---|---|---|---|---|---|---|---|---|
| Dewey Decimal Classification | Baccah | Central Library | Central Library | First floor | 16/03/2009 | Purchase | 1 | 11 | 515.35 BRA | 000015696 | 15/07/2025 | 25/02/2024 | 16/03/2009 | Book - Borrowing | ||||
| Dewey Decimal Classification | Baccah | Central Library | Central Library | First floor | 16/03/2009 | Purchase | 1 | 11 | 515.35 BRA | 000015695 | 15/07/2025 | 20/02/2012 | 16/03/2009 | Book - Borrowing | ||||
| Dewey Decimal Classification | Baccah | Central Library | Central Library | First floor | 16/03/2009 | Purchase | 515.35 BRA | 000015697 | 15/07/2025 | 16/03/2009 | NB - Book (Non borrowing) |